=LDR 00000nam 2200000 4500 =001 NUTBA000000000002978 =005 20170112113131.0 =006 =007 =008 =020 ##$$a 979-002-346-4 =035 ##$$0010-071400000000166 =040 ##$$a NBPDMAT =082 ##$$a 633.88 =090 ##$$a 633.88 $b Set s =100 ##$$a Setiawan Dalimantha =245 ##$$a 1001 resep herbal / $c dr Setiawan Dalimantha =260 ##$$a Jakarta : $b Penebar Swadaya, $c 2008 =300 ##$$a iv, 308 hlm. : $b ilus. ; $c 26 cm. =650 ##$$a Tanaman Obat Herbal =990 ##$$a 2140327 =990 ##$$a 0001/BPAP-NTB/20142015 =990 ##$$a 0001/BPAP-NTB/20142015 =990 ##$$a 0001/BPAP-NTB/20142015 =990 ##$$a 2140327 =990 ##$$a 2140328 =990 ##$$a 2140329 =990 ##$$a 21400613/BPAP-NTB/20142014 =990 ##$$a 21400613/BPAP-NTB/20142014 =990 ##$$a 21400613/BPAP-NTB/20142014 =990 ##$$a 0001/BPAP-NTB/20142015